书目信息 |
| 题名: |
工业企业生产管理
|
|
| 作者: | ;中国人民大学工业经济系工业企业管理教研室 编 | |
| 分册: | ||
| 出版信息: | 北京 中国人民大学出版社 1985 |
|
| 页数: | 388页 | |
| 开本: | 20cm | |
| 丛书名: | 中国工业企业管理学 | |
| 单 册: | ||
| 中图分类: | F406.2 | |
| 科图分类: | ||
| 主题词: | 工业经济--经济理论 | |
| 电子资源: | ||
| ISBN: | ||
| 000 | 00834nam0 2200217 450 | |
| 001 | 0662482859 | |
| 005 | 20060809111209.68 | |
| 010 | @dCNY1.95 | |
| 100 | @a20060808d1985 km y0chiy0120 ea | |
| 101 | 0 | @achi |
| 102 | @aCN@b110000 | |
| 200 | 1 | @a工业企业生产管理@Agong ye qi ye sheng chan guan li@f中国人民大学工业经济系工业企业管理教研室编@Fzhong guo ren min da xue gong ye jing ji xi gong ye qi ye guan li jiao yan shi bian |
| 210 | @a北京@c中国人民大学出版社@d1985 | |
| 215 | @a388页@d20cm | |
| 225 | 2 | @a中国工业企业管理学@h第三分册 |
| 410 | 0 | @12001 @a中国工业企业管理学 |
| 606 | 0 | @a工业经济@x经济理论 |
| 690 | @aF406.2@v3 | |
| 711 | 0 | @a中国人民大学工业经济系工业企业管理教研室@Azhong guo ren min da xue gong ye jing ji xi gong ye qi ye guan li jiao yan shi@4编 |
| 801 | 0 | @aCN@bPFT@c20060809 |
| 905 | @a10447@dF406.2@e105:3 | |
| 工业企业生产管理/中国人民大学工业经济系工业企业管理教研室编.-北京:中国人民大学出版社,1985 |
| 388页;20cm.-(中国工业企业管理学.第三分册) |
| ISBN :CNY1.95 |
| ● |
| 相关链接 |
|
|
|
|
正题名:工业企业生产管理
索取号:F406.2/105:3
 
预约/预借
| 序号 | 登录号 | 条形码 | 馆藏地/架位号 | 状态 | 备注 |
| 1 | 0447526 | 204475264 | 密集书库/ [索取号:F406.2/105:3] | 在馆 | |
| 2 | 0447527 | 204475273 | 密集书库/ [索取号:F406.2/105:3] | 在馆 | |
| 3 | 0447528 | 204475282 | 密集书库/ [索取号:F406.2/105:3] | 在馆 | |
| 4 | 0447879 | 204478797 | 密集书库/ [索取号:F406.2/105:3] | 在馆 | |
| 5 | 0447880 | 204478804 | 密集书库/ [索取号:F406.2/105:3] | 在馆 | |
| 6 | 0447881 | 204478813 | 密集书库/ [索取号:F406.2/105:3] | 在馆 | |
| 7 | 0447882 | 204478822 | 密集书库/ [索取号:F406.2/105:3] | 在馆 | |
| 8 | 0447883 | 204478831 | 密集书库/ [索取号:F406.2/105:3] | 在馆 |